Animals by Emoji Quiz Stats

 Plays Quiz Updated Feb 23, 2018

Challenge
Share
Tweet
Score 0/25 Timer 04:00
10 Plays Today
Hint Answer % Correct
Cat
98.9%
Blowfish
97.4%
Cow
95.9%
Crab
95.4%
Elephant
94.9%
Horse
94.5%
Gorilla
94%
Pig
93.9%
Mouse
93.9%
Rabbit
93.8%
Shark
93.6%
Snake
93.6%
Dove
93.4%
Hint Answer % Correct
Sheep
93.4%
Ladybug
93.2%
Zebra
93%
Turtle
92.9%
Whale
92.5%
Turkey
92%
Lizard
91.6%
Caterpillar
90.9%
Cricket
90.3%
Leopard
90.1%
Hedgehog
88.3%
Chipmunk
84.3%

You're not logged in!

Compare scores with friends on all Sporcle quizzes.
OR
Log In

You Might Also Like...

Show Comments

Extras

Top Quizzes Today


Score Distribution

Your Account Isn't Verified!

In order to create a playlist on Sporcle, you need to verify the email address you used during registration. Go to your Sporcle Settings to finish the process.

Report this User

Report this user for behavior that violates our Community Guidelines.

Details: